000
00268cam a2200109ua 4500
082
_a
894.8121
_b
VYL/KA
100
_a
Sreedharamenon, Vyloppilly .
_9
1818
245
_a
Kanni Koith /
260
_a
Ernamkulam :
_b
Kerala Mithram ,
_c
1969.
300
_a
70 ; .
942
_c
BK
999
_c
12790
_d
12790